Get your frog out of the well: (Record no. 20895)

MARC details
000 -LEADER
fixed length control field 00989nam a2200265 a 4500
005 - DATE AND TIME OF LATEST TRANSACTION
control field 20010905110431.0
008 - FIXED-LENGTH DATA ELEMENTS--GENERAL INFORMATION
fixed length control field 970417s1997 caua 001 0 eng
010 ## - LCCN (DPL NO)
LC control number ENG-92477
020 ## - INTERNATIONAL STANDARD BOOK NUMBER
Terms of availability 249.00
International Standard Book Number 9788126516711
035 ## - SYSTEM CONTROL NUMBER
System control number EN-76010
037 ## - SOURCE OF ACQUISITION
Source of stock number/acquisition DBAD / PUB
040 ## - CATALOGING SOURCE
Original cataloging agency dpl
Language of cataloging English
082 ## - DEWEY DECIMAL CLASSIFICATION NUMBER
Classification number 650.13
100 ## - MAIN ENTRY--PERSONAL NAME
Personal name Boyer, Chuck
245 ## - TITLE STATEMENT
Title Get your frog out of the well:
Statement of responsibility, etc by Chuck Boyer
Remainder of title private lessons for the global economy /
260 ## - PUBLICATION, DISTRIBUTION, ETC. (IMPRINT)
Place of publication, distribution, etc New Delhi
Name of publisher, distributor, etc Wiley India
Date of publication, distribution, etc 2008
270 ## - ADDRESS
Address 4435/7, Ansari Road, Daryaganj,
City New Delhi
Postal code 110002
300 ## - PHYSICAL DESCRIPTION
Extent xii, 170p.:
Dimensions 22 cm (pbk)
Other physical details ill.
500 ## - GENERAL NOTE
General note Includes index
650 ## - SUBJECT ADDED ENTRY--TOPICAL TERM
Topical term or geographic name as entry element Success in business
650 ## - SUBJECT ADDED ENTRY--TOPICAL TERM
Topical term or geographic name as entry element Corporate culture
650 ## - SUBJECT ADDED ENTRY--TOPICAL TERM
Topical term or geographic name as entry element Communications in organizations
942 ## - ADDED ENTRY ELEMENTS (KOHA)
Source of classification or shelving scheme Dewey Decimal Classification
Item type English Books
Call number suffix BOY
Classification part 650.13
Holdings
Withdrawn status Lost status Source of classification or shelving scheme Damaged status Not for loan Collection code Home library Current library Date acquired Source of acquisition Cost, normal purchase price Total Checkouts Full call number Barcode Date last seen Copy number Cost, replacement price Koha item type
    Dewey Decimal Classification   Not For Loan Non-fiction D.B.Act.Division D.B.Act.Division 12/01/2009 DBAB / PUB 249.00   650.13 BOY EN-76010 12/01/2009 1 249.00 English Books

© Delhi Public Library
Hit Counter
free hit counter